| 000 | 00471nam a2200181 i 4500 | ||
|---|---|---|---|
| 001 | 40696 | ||
| 003 | ES-MaACL | ||
| 005 | 20230906160307.0 | ||
| 007 | t| | ||
| 008 | 030306s1965 sp ||||1| spa d | ||
| 245 | 0 | 0 | _aCarreteras. |
| 260 |
_aPamplona : _bAranzadi, _c1965. |
||
| 300 |
_a167 p. ; _c24 cm. |
||
| 490 | 1 | _aObras pequeñas de fábrica | |
| 830 | 0 |
_aObras pequeñas de fábrica _9229753 |
|
| 852 |
_aES-MaACL _jC-26704 _bR.55981 |
||
| 999 |
_c40696 _d40696 |
||